000 00341nam a2200145Ia 4500
008 240112s2011 xx 000 0 und d
022 _a13193767
041 _aeng
082 _a616.305
100 _aMOFLESH I A.
245 _aTHE SAUDI JOURNAL OF GASTROENTOLOGY
260 _bMEDKNOW
_c2011
300 _a325;HB
_c41730
440 _v16
999 _c1143596
_d1143596